TFOC BPCC : Retail and grocery stores 1999.
| Corporate Author: | |
|---|---|
| Format: | Book |
| Published: |
[s.l]:
TFOC,
1999.
|
| Subjects: |
| LEADER | 00465cam a2200157 7i4500 | ||
|---|---|---|---|
| 001 | 0000010749 | ||
| 005 | 20020507090000.0 | ||
| 090 | 0 | 0 | |a CAND 381.1 |b TRA |
| 245 | 0 | 0 | |a TFOC BPCC : |b Retail and grocery stores 1999. |
| 260 | 0 | 0 | |a [s.l]: |b TFOC, |c 1999. |
| 300 | # | # | |a 18p. |
| 650 | 0 | 0 | |a Grocery trade -- |z Canada |
| 650 | 0 | 0 | |a Retail trade -- |z Canada |
| 651 | 0 | 0 | |a Canada |
| 710 | 2 | 1 | |a Trade Facilitation Office Canada |
| 999 | |a 0000012588 |b Book |c Countries |e Business Information Centre | ||